Bangladesh studies : (Record no. 26751)
[ view plain ]
| 000 -LEADER | |
|---|---|
| fixed length control field | 01140nam a2200289 a 4500 |
| 001 - CONTROL NUMBER | |
| control field | 26751 |
| 003 - CONTROL NUMBER IDENTIFIER | |
| rucl marc code | BD-RjUL |
| 005 - DATE AND TIME OF LATEST TRANSACTION | |
| control field | 20211209051049.0 |
| 008 - FIXED-LENGTH DATA ELEMENTS--GENERAL INFORMATION | |
| fixed length control field | 140323s1986 bg b f100 0 eng |
| 035 ## - SYSTEM CONTROL NUMBER | |
| System control number | (BD-RjUL)26822 |
| 040 ## - CATALOGING SOURCE | |
| Original cataloging agency | DLC |
| Transcribing agency | DLC |
| Modifying agency | DLC |
| -- | BD-RjUL |
| Language of cataloging | eng |
| 041 ## - LANGUAGE CODE | |
| Language code of text/sound track or separate title | eng |
| 082 00 - DEWEY DECIMAL CLASSIFICATION NUMBER | |
| Classification number | 954.92 |
| Edition number | 19 |
| Author mark and year | BAN 1986 |
| 245 00 - TITLE STATEMENT | |
| Title | Bangladesh studies : |
| Remainder of title | politics, administration, rural development, and foreign policy / |
| Statement of responsibility, etc. | edited by Mohammad Mohabbat Khan, Syed Anwar Husain. |
| 260 ## - PUBLICATION, DISTRIBUTION, ETC. (IMPRINT) | |
| Place of publication, distribution, etc. | Dhaka : |
| Name of publisher, distributor, etc. | Center for Administrative Studies, University of Dhaka, |
| Date of publication, distribution, etc. | 1986. |
| 300 ## - PHYSICAL DESCRIPTION | |
| Pagination | xiv, 281 p. ; |
| Size | 24 cm. |
| 504 ## - BIBLIOGRAPHY, ETC. NOTE | |
| Bibliography, etc | Includes bibliographies. |
| 520 ## - SUMMARY, ETC. | |
| Summary, etc. | Deliberations of a workshop organized by the Centre for Administrative Studies, University of Dacca. |
| 650 #0 - SUBJECT ADDED ENTRY--TOPICAL TERM | |
| Topical term or geographic name as entry element | Rural development |
| Geographic subdivision | Bangladesh. |
| 9 (RLIN) | 82202 |
| 651 #0 - SUBJECT ADDED ENTRY--GEOGRAPHIC NAME | |
| Geographic name | Bangladesh |
| General subdivision | Politics and government. |
| 9 (RLIN) | 82203 |
| 700 1# - ADDED ENTRY--PERSONAL NAME | |
| Personal name | Khan, Mohammad Mohabbat, |
| Dates associated with a name | 1949- |
| Personal name | Hosena, Saiẏada Ānoẏāra, |
| Dates associated with a name | 1934- |
| 710 2# - ADDED ENTRY--CORPORATE NAME | |
| Corporate name or jurisdiction name as entry element | University of Dacca. |
| Subordinate unit | Centre for Administrative Studies. |
| 9 (RLIN) | 82205 |
| 942 ## - ADDED ENTRY ELEMENTS (KOHA) | |
| Source of classification or shelving scheme | Dewey Decimal Classification |
| Koha item type | Books |
| Lost status | Source of classification or shelving scheme | Damaged status | Not for loan | Collection code | Permanent Location | Current Location | Shelving location | Date acquired | Source of acquisition | Cost, normal purchase price | Total Checkouts | Full call number | Date last seen | Copy number | Koha item type |
|---|---|---|---|---|---|---|---|---|---|---|---|---|---|---|---|
| Dewey Decimal Classification | Non-fiction | Central Library, University of Rajshahi | Central Library, University of Rajshahi | 30/06/1986 | Dhaka, gra. pri. | 300.00 | 954.92 BAN 1986 | 23/03/2014 | C-2 | Books | |||||
| Dewey Decimal Classification | Non-fiction | Central Library, University of Rajshahi | Central Library, University of Rajshahi | 16/11/2000 | N/A | 954.92 BAN 1986 | 23/03/2014 | C-4 | Books | ||||||
| Dewey Decimal Classification | Non-fiction | Central Library, University of Rajshahi | Central Library, University of Rajshahi | 16/11/2000 | N/A | 954.92 BAN 1986 | 23/03/2014 | C-5 | Books | ||||||
| Dewey Decimal Classification | Non-fiction | Central Library, University of Rajshahi | Central Library, University of Rajshahi | 16/11/2000 | N/A | 954.92 BAN 1985 | 23/03/2014 | C-6 | Books | ||||||
| Dewey Decimal Classification | Non-fiction | Central Library, University of Rajshahi | Central Library, University of Rajshahi | 16/11/2000 | N/A | 954.92 BAN 1985 | 23/03/2014 | C-9 | Books | ||||||
| Dewey Decimal Classification | Non-fiction | Central Library, University of Rajshahi | Central Library, University of Rajshahi | 16/11/2000 | N/A | 954.92 BAN 1985 | 23/03/2014 | C-10 | Books | ||||||
| Dewey Decimal Classification | Added to bundle | Non-fiction | Central Library, University of Rajshahi | Central Library, University of Rajshahi | Reading Room | 30/06/1986 | Dhaka, gra. pri. | 300.00 | 954.92 BAN 1986 | 31/03/2014 | C-1 | Books | |||
| Dewey Decimal Classification | Non-fiction | Central Library, University of Rajshahi | Central Library, University of Rajshahi | 16/11/2000 | N/A | 300.00 | 954.92 BAN 1985 | 31/03/2014 | C-3 | Books | |||||
| Dewey Decimal Classification | Non-fiction | Central Library, University of Rajshahi | Central Library, University of Rajshahi | 16/11/2000 | N/A | 300.00 | 954.92 BAN 1985 | 31/03/2014 | C-7 | Books | |||||
| Dewey Decimal Classification | Non-fiction | Central Library, University of Rajshahi | Central Library, University of Rajshahi | 16/11/2000 | N/A | 300.00 | 954.92 BAN 1986 | 31/03/2014 | C-8 | Books |